000 01750nam a2200349 a 4500
003 OSt
005 20250703122138.0
007 cr ||||||a|c|a
008 240426s2024 mx a|||fom||| 001 0 spa d
040 _erda
100 1 _9189027
_aSantos Serrano, Angelica De los
245 1 0 _aForrajes de invierno en monocultivo y asociación con riego y temporal, e inoculación de hongos micorrizicos arbusculares /
_cpor Angelica De los Santos Serrano y Lorena Cortes Muzaleno; director de tesis Jorje L. Castrellón Montelongo; secretario Alejandro Lara Bueno; vocal Itzel Santiago Figueroa; suplente Selene Pérez Morales; suplente Raúl Placensia Jiménez.
264 1 _aChapingo, México :
_bEl autor,
_c2024.
300 _a1 recurso en línea (93 páginas):
_btablas, figuras.
336 _2rdacontent
_atexto
_btxt
337 _2rdamedia
_acomputadora
_bc
338 _2rdacarrier
_arecurso en línea
_bcr
502 _bIAEZ
_cZootecnía
_d2024.
_gLIC
504 _aIncluye referencias bibliográficas: páginas 70-77.
650 4 _98539
_aAvena
_xRendimiento
650 4 _98552
_aAvena
_xVariedades
650 7 _9115092
_aTrigo
_xRendimiento
650 4 _972934
_aMateria seca
_xDeterminación
700 1 _9189028
_aCortes Muzaleno, Lorena
700 0 _aCastrellón Montelongo, Jorge Luis
_eDirector de tesis.
_920309
700 1 _964829
_aLara Bueno, Alejandro
_eSecretario.
700 1 _9126907
_aSantiago Figueroa, Itzel
_eVocal.
700 1 _9189035
_aPérez Morales, Selene
_eSuplente.
700 1 _9134160
_aPlascencia Jiménez, Raúl
_eSuplente.
856 _uhttp://10.13.5.2/tesis/tl/1410576-4_Y_1410464-6_DELOSSANTOS_SERRANO_ANGELICA_Y_CORTES_MUZALENO_LORENA.pdf
_zDESCARGAR PDF
942 _2Clasificación Universidad Autónoma Chapingo
_cTD
999 _c219887
_d219887